000 00516nam a2200181Ia 4500
003 OSt
005 20260116093435.0
008 210210b1967 xxu||||| |||| 00| 0 eng d
040 _cAL
041 _aKannada
082 _a859/898
100 _aNARASIMHAMURTI PUTTURU
_9145313
_dನರಸಿಂಹಮೂರ್ತಿ ಪುತ್ತೂರು.
245 _aJayavanti:
_bಜಯವಂತಿ
260 _aBengaluru
_bHemanta Sahitya
_c1967
690 _aKannada Fiction
_9145314
906 _a021657
942 _2ddc
_cBK
999 _c145751
_d145751